LIBRARY & INFORMATION CENTRE, KCAET, TAVANUR

ONLINE PUBLIC ACCESS CATALOGUE (OPAC)

Practical reliability engineering / (Record no. 13121)

MARC details
000 -LEADER
fixed length control field 00512cam a2200193ua 4500
041 ## - LANGUAGE CODE
Language code of text/sound track or separate title eng
082 ## - DEWEY DECIMAL CLASSIFICATION NUMBER
Classification number 620.00452
Item number OCO/PR
100 ## - MAIN ENTRY--AUTHOR NAME
Personal name O Connor, Patrick D.T .
245 ## - TITLE STATEMENT
Title Practical reliability engineering /
260 ## - PUBLICATION, DISTRIBUTION, ETC. (IMPRINT)
Place of publication London :
Name of publisher John Wiley & Sons ,
Year of publication 1991.
300 ## - PHYSICAL DESCRIPTION
Number of Pages 432 ; .
700 1# - ADDED ENTRY--PERSONAL NAME
Personal name Bromley, Richard .
700 1# - ADDED ENTRY--PERSONAL NAME
Personal name Newton, David .
942 ## - ADDED ENTRY ELEMENTS (KOHA)
Koha item type Books
Holdings
Withdrawn status Lost status Damaged status Home library Current library Date acquired Full call number Accession Number Koha item type
      KAUAET KAUAET 07/04/2012 620.00452 OCO/PR 21405 Books
free website counter